Isaac Newton: una vida
Uloženo v:
| Hlavní autor: | |
|---|---|
| Médium: | Kniha |
| Jazyk: | španělština |
| Vydáno: |
Cambridge
Cambridge University
1996
|
| Vydání: | 1a. ed |
| Témata: | |
| Tagy: |
Přidat tag
Žádné tagy, Buďte první, kdo vytvoří štítek k tomuto záznamu!
|
MARC
| LEADER | 00000nam a2200000 a 4500 | ||
|---|---|---|---|
| 001 | UCH3288 | ||
| 003 | CL-VaPUC | ||
| 005 | 20220819113607.0 | ||
| 008 | 090723e19960000uk |||||||||||||||||spa|d | ||
| 999 | |c 334905 |d 334903 | ||
| 020 | |a 0521555892 | ||
| 040 | |c Pontificia Universidad Católica de Valparaíso | ||
| 082 | 0 | 4 | |a 530.092 |b WES |2 21 |
| 100 | 0 | |a Westfall, Richard S |e author |9 538601 | |
| 245 | 1 | 0 | |a Isaac Newton: una vida |
| 250 | |a 1a. ed | ||
| 260 | |a Cambridge |b Cambridge University |c 1996 | ||
| 300 | |a 421 p | ||
| 583 | |a last modification |c 20130807 01:32:27 |k Rodrigo Vera | ||
| 600 | 0 | |a Newton, Isaac, |d 1642-1727 |9 875680 | |
| 650 | 0 | |a Biografías |9 255210 | |
| 650 | 0 | |a Científicos |9 262025 | |
| 650 | 7 | |a FISICOS |2 CL-VaPUC |9 263707 | |
| 942 | |c BK |2 ddc | ||
| 945 | |d 20090723 00:00:00 |a rbrito | ||
| 952 | |0 0 |1 0 |4 0 |6 530_092000000000000_WES_1996 |7 0 |8 A |9 424196 |a BIBCUR |b BIBCUR |d 2019-11-22 |i 4528220 |l 1 |o 530.092 WES 1996 |p 4528220 |r 2025-04-22 |s 2022-03-09 |w 2019-11-22 |y BK |k FIS | ||